000 00971nam a22003017a 4500
001 BR7900359
003 BR-BrBNA
005 20230928085906.0
007 ta
008 230509b bl.||||| |||| 00| 0 por d
040 _aBR-BrBNA
_bpor
_cBiblioteca Nacional de Agricultura
041 _a(Por)
072 _aF60
_b1950
090 _ 1950 BR7900359
100 1 _aTeixeira, J.B.
110 1 _aUniversidade Federal de Vicosa, MG (Brasil)
_0Tese (Magister Scientiae)
245 1 _aEfeito do deficit hidrico sobre a fotossintese, a respiracao, a transpiracao e a eficiencia no uso de agua, em seis especies de leguminosas forrageiras
260 3 _aVicosa, MG (Brasil):
_c1978.
300 _a54 p.
500 _a11 graphs; 48 ref.; Summary (Por)
650 _aLeguminosa forrageira
650 _aFotossintese
650 _aRespiracao
650 _aTranspiracao vegetal
650 _aDeficiencia hidrica
909 _a202309
_bLucia
_c55
_dLucia Elande
942 _cBK
999 _c26887
_d26887